Les equipes de NFL - Statistiques

Statistiques générales
  • Ce quiz a été pris 5 642 fois
    5 427 depuis la dernière actualisation
  • Le résultat moyen est 17 sur 32
Statistiques - réponses
Réponse % Correct
Kansas City Chief
80%
Los Angeles Rams
72%
Miami Dolphins
72%
New England Patriots
70%
New York Jets
70%
New York Giants
67%
Philadelphia Eagles
64%
San Francisco 49ers
64%
Las Vegas Raiders
60%
Los Angeles Chargers
60%
Baltimore Ravens
58%
Cincinnati Bengals
57%
Minnesota Vikings
56%
Buffalo Bills
55%
Seattle Seahawks
55%
Chicago Bears
53%
Dallas Cowboys
53%
Denver Broncos
53%
Green Bay Packers
52%
Détroit Lions
50%
Carolina Panthers
49%
Cleveland Browns
49%
Jacksonville Jaguars
49%
Pittsburgh Steelers
47%
Arizona Cardinals
46%
Tampa Bay Buccaneers
46%
New Orleans Saints
45%
Atlanta Falcons
44%
Houston Texans
43%
Indianapolis Colts
41%
Tennessee Titans
38%
Washington Redskins
25%
Aucun quiz correspondant
Distribution des résultats
% des personnes avec chaque résultat
Percentile par nombre de réponses
Votre historique - résultats
Vous n’avez pas pris ce quiz depuis la dernière actualisation